Music Quiz

Random Music or Lyrics Quiz

Song Titles in Opening Lyrics Quiz Stats

 Plays Quiz Updated Apr 30, 2016

Score 0/26 Timer 08:00
0 Plays Today
% Correct
A Hard Day's Night (The Beatles)
93.4%
Bodies (Drowning Pool)
88.5%
I Want It All (Queen)
87.7%
Girlfriend (Avril Lavigne)
87.4%
White Room (Cream)
85.1%
Fuel (Metallica)
84.9%
Hey There Delilah (Plain White T's)
84.1%
The Devil Went Down to Georgia (Charlie Daniels Band)
83.8%
Last Resort (Papa Roach)
83.7%
You Really Got Me (The Kinks)
83.3%
One Way or Another (Blondie)
83%
Ramblin' Man (The Allman Brothers Band)
82.9%
Heaven is a Place on Earth (Belinda Carlisle)
81.8%
% Correct
Back in Black (AC DC)
81.6%
The End (The Doors)
80.8%
Dream Police (Cheap Trick)
80.1%
Bad Medicine (Bon Jovi)
79.7%
Dazed and Confused (Led Zeppelin)
78.9%
My Friends (Red Hot Chili Peppers)
77.6%
Been Caught Stealing (Jane's Addiction)
76%
I Need a Lover (John Mellencamp)
75.3%
Fernando (ABBA)
71.9%
All the Things She Said (t.A.T.u)
70.8%
This is Radio Clash (The Clash)
67.9%
Holy Diver (Dio)
62.8%
All Apologies (Nirvana)
56.6%

You're not logged in!

Compare scores with friends on all Sporcle quizzes.
Join for Free
OR
Log In

You Might Also Like...

Show Comments

Extras

Top Quizzes Today


Score Distribution

Your Account Isn't Verified!

In order to create a playlist on Sporcle, you need to verify the email address you used during registration. Go to your Sporcle Settings to finish the process.

Report this User

Report this user for behavior that violates our Community Guidelines.

Details: